Le r^emora : (Record no. 82033)
[ view plain ]
| 000 -LEADER | |
|---|---|
| fixed length control field | 00517cam3a220019300 4500 |
| 001 - CONTROL NUMBER | |
| control field | tmp15346602 |
| 003 - CONTROL NUMBER IDENTIFIER | |
| control field | UPRA |
| 005 - DATE AND TIME OF LATEST TRANSACTION | |
| control field | 20190816092532.0 |
| 008 - FIXED-LENGTH DATA ELEMENTS--GENERAL INFORMATION | |
| fixed length control field | 950801s1970 xx fre u |
| 035 ## - SYSTEM CONTROL NUMBER | |
| System control number | (Sirsi) r124372 |
| 035 ## - SYSTEM CONTROL NUMBER | |
| System control number | (UPRA)tmp15346602 |
| 040 ## - CATALOGING SOURCE | |
| Transcribing agency | UPRA |
| 100 1# - MAIN ENTRY--PERSONAL NAME | |
| Personal name | Rezvani, Medjid Kan. |
| Linkage | A92484.1 |
| 245 13 - TITLE STATEMENT | |
| Title | Le r^emora : |
| Remainder of title | piece en deux actes. |
| 260 ## - PUBLICATION, DISTRIBUTION, ETC. | |
| Name of publisher, distributor, etc. | Stock, |
| Date of publication, distribution, etc. | [1970] |
| 440 #0 - SERIES STATEMENT/ADDED ENTRY--TITLE | |
| Title | Theatre Ouvert |
| Linkage | S13913.1 |
| 949 ## - LOCAL PROCESSING INFORMATION (OCLC) | |
| a | PQ2678.E97 |
| w | lcc |
| i | -178630 |
| m | MAIN |
| t | BOOK |
| l | ON-SHELF |
No items available.